Responses for Show #8639 - Thursday, May 12, 2022

Contestants

[<< previous game]

Charly Kuecks, a writer and test prep expert from Salt Lake City, Utah

Matt Petroff, a management consultant from Toronto, Ontario, Canada

Daniel Nguyen, a high school math teacher from San Jose, California (whose 1-day cash winnings total $7,199)

[next game >>]

Jeopardy! Round responses

IN THE NATIONAL PARK
THE BILLBOARD MUSIC AWARDS
NATIVE AMERICAN WOMEN
BEVERAGES
SUBTITLED NONFICTION
OCCUPATIONAL HOMONYMS
    $200 1
(Charly: What is Old Faithful?)

Yellowstone

MattCharly
    $200 22
John Legend

Matt
    $200 24
an MD (a medical degree)

Charly
    $200 19
diet

Daniel
    $200 14
Nickelodeon

Charly
    $200 13
a driver

Matt
    $1,400 5
Denali (National Park)

Daniel
    $400 21
(Paula) Abdul

Daniel
    $400 25
Pocahontas

Daniel
    $400 20
(Mayim: Very popular in Salt Lake City, I'm told, yes.)
(Charly: It very much is, yes.)

root beer

Charly
    $400 15
Magellan

Charly
    $400 12
principal

Daniel
    $600 6
Everglades

Matt
    $600 23
(Daniel: Who are the Jonas Brothers?)
[Laughter]

Panic! at the Disco

DanielCharly
    $600 26
(Matt: What is diplomatic immunity?)

a copyright

Matt
Triple Stumper
    $600 4
V8

Daniel
    $600 16
From the Tree

Daniel
    $600 11
a cobbler

Triple Stumper
    $800 7
Death Valley

Triple Stumper
    $800 29
Glass Animals

Triple Stumper
    $800 27
Kit Carson

Triple Stumper
    $800 3
a Shamrock Shake

Daniel
    $800 17
(Charly: What is grammar?)

Punctuation

Charly
Triple Stumper
    $800 10
Marine

Daniel
    $1000 8
Hot Springs National Park

Triple Stumper
    $1000 30
(Mayim: And you can watch the 2022 Billboard Music Awards live this Sunday night.)

AJR

Triple Stumper
    $1000 28
the Tallchief sisters

Triple Stumper
    $1000 2
oolong

Matt
    $1000 18
pearls

Daniel
    $1000 9
contractor

Matt

Scores at the first commercial break (after clue 15):

Daniel Matt Charly
$4,000 $3,000 $400

Scores at the end of the Jeopardy! Round:

Daniel Matt Charly
$6,000 $2,600 $800

Double Jeopardy! Round responses

ALL APOLOGIES
MUSICALS BY LYRICS
4-SYLLABLE WORDS
THE 1960s
AUNTIE
ESTABLISHMENT
    $400 23
the Quakers

Charly
    $400 1
(Matt: What is The Wizard of Oz?)

Wicked

DanielMatt
    $400 6
Conservative

Daniel
    $400 13
the Sorbonne

Daniel
    $400 21
Little Women

Charly
    $400 11
attorney general

Daniel
    $800 24
Lutheranism

Matt
    $800 2
The Lion King

Charly
    $800 7
jurisdiction

Daniel
    $800 17
the Vietnam War

Triple Stumper
    $800 22
Auntie Mame

Triple Stumper
    $800 12
(Melvil) Dewey

Charly
    $200 30
(Daniel: Who is Mather?)

Sir Thomas More

Daniel
    $1200 3
Jesus Christ Superstar

Charly
    $1200 8
Restoration

Daniel
    $1200 18
(Matt: What is... Palestine?)

Jordan

DanielMatt
    $1200 26
Fitzwilliam Darcy

Charly
    $1200 14
the Northwest Territories

Daniel
    $1600 29
beatification

Daniel
    $1600 4
Rent

Daniel
    $1600 9
Salmonella

Triple Stumper
    $3,000 19
(Daniel: What is... Berlin?)

Mexico City

Daniel
    $1600 27
(Mayim: We have less than a minute.)

Ann Dowd

Triple Stumper
    $1600 15
(Matt: Who is Suleiman the Great?)

Saladin

Matt
Triple Stumper
    $2000 25
Augustine

Charly
    $2000 5
Camelot

Triple Stumper
    $2000 10
cosmology

Daniel
    $2000 20
Khrushchev

Daniel
    $2000 28
Aunt Polly

Triple Stumper
    $2000 16
Drake's Passage

Daniel

Scores at the end of the Double Jeopardy! Round:

Daniel Matt Charly
$18,000 $200 $7,600
(lock game)

[wagering suggestions for these scores]

Final Jeopardy! Round responses

CONSTITUTIONS OF THE WORLD
(Mayim: [To Matt] Queen Elizabeth II is officially the head of state.)
MattWhat is Australia?
$200
CharlyWhat is Spain?
$4,799
DanielWhat is Austrailia?
$0
Australia

Final scores:

Daniel Matt Charly
$18,000 $400 $2,801
2-day champion: $25,199 3rd place: $1,000 2nd place: $2,000

Game dynamics:

Coryat scores:

Daniel Matt Charly
$20,200 $200 $7,600
23 R
(including 1 DD),
3 W
(including 2 DDs)
7 R,
4 W
12 R,
2 W

Combined Coryat: $28,000

[game clues] [game scores] [suggest correction]

Game tape date: 2022-02-28
The J! Archive is created by fans, for fans. Scraping, republication, monetization, and malicious use prohibited; this site may use cookies and collect identifying information. See terms. The Jeopardy! game show and all elements thereof, including but not limited to copyright and trademark thereto, are the property of Jeopardy Productions, Inc. and are protected under law. This website is not affiliated with, sponsored by, or operated by Jeopardy Productions, Inc. Join the discussion at JBoard.tv.